[Event "25th Festival Open A"]
[Site "Bled SLO"]
[Date "2008.02.27"]
[Round "6"]
[White "Cebalo,M"]
[Black "Stojanovic,An"]
[Result "1-0"]
[WhiteElo "2547"]
[BlackElo "2310"]

1.d4 d5 2.c4 c6 3.Nf3 Nf6 4.Nc3 dxc4 5.a4 Bf5 6.Ne5 Nbd7 7.Nxc4 Qc7 8.g3 e5
9.dxe5 Nxe5 10.Bf4 Nfd7 11.Bg2 g5 12.Ne3 gxf4 13.Nxf5 O-O-O 14.Qc2 Ng6 15.O-O fxg3
16.hxg3 a5 17.Rfc1 Kb8 18.Rab1 Bc5 19.b4 axb4 20.Na2 Qa5 21.Nxb4 Bxb4 22.Nd6 Nge5
23.Nxb7 Kxb7 24.Qe4 Ka7 25.Rxb4 Rb8 26.Qe3+ Rb6 27.Rd4 Nb8 28.Re4 Nbd7 29.Bh3 h5
30.Bxd7 Nxd7 31.Re7 Rd8 32.Rd1 Qxa4 33.Rdxd7+ Rxd7 34.Rxd7+ Ka6 35.Rxf7 h4
36.Rf8 Qd1+ 37.Kg2 Rb3 38.Ra8+ Kb5 39.Rb8+ Kc4 40.Qe6+  1-0

[Event "25th Festival Open A"]
[Site "Bled SLO"]
[Date "2008.02.28"]
[Round "7"]
[White "Khmelniker,I"]
[Black "Buzeti,J"]
[Result "1-0"]
[WhiteElo "2469"]
[BlackElo "2146"]

1.d4 d5 2.Nf3 Nf6 3.c4 c6 4.Nc3 dxc4 5.a4 Bf5 6.e3 e6 7.Bxc4 Bb4 8.O-O O-O
9.Qe2 Bg6 10.Ne5 Nbd7 11.Nxg6 hxg6 12.Rd1 Qa5 13.Bd2 Nb6 14.Bb3 Rad8 15.f4 c5
16.dxc5 Qxc5 17.Rac1 Qa5 18.Qb5 Rd7 19.Qxa5 Bxa5 20.Kf1 Rfd8 21.Ke2 Kf8 22.Be1 Rxd1
23.Rxd1 Rxd1 24.Bxd1 Nc4 25.b3 Nd6 26.Bd2 Nd7 27.Kd3 Nc5+ 28.Kc2 f5 29.Be2 Bc7
30.Bc1 Nce4 31.Nxe4 Nxe4 32.Bf3 Nd6 33.Kd3 Ke7 34.Bb2 Kf7 35.Be5 b6 36.Bc6 Kf8
37.g3 Kf7 38.Bb2 Kf8 39.Bf3 Kf7 40.b4 Bd8 41.Be5 Be7 42.b5 Kf8 43.Bc6 Kf7
44.h3 Nc8 45.e4 Bd6 46.Bd4 Ne7 47.Bb7 Bc7 48.h4 Kf8 49.Ke3 Kf7 50.Kf3 Kf8
51.g4 Kf7 52.Bc3 Bd6 53.Bb2 Kf8 54.Bc6 Nxc6 55.bxc6 a6 56.Ba3  1-0

[Event "25th Festival Open A"]
[Site "Bled SLO"]
[Date "2008.02.28"]
[Round "7"]
[White "Li Ying,P"]
[Black "Jeran,B"]
[Result "0-1"]
[WhiteElo "2157"]
[BlackElo "2173"]

1.d4 c6 2.Nf3 d5 3.c4 Nf6 4.Nc3 dxc4 5.a4 Bf5 6.e3 e6 7.Bxc4 Bb4 8.Bd2 O-O
9.O-O Nbd7 10.Na2 Bxd2 11.Qxd2 Ne4 12.Qb4 Bg4 13.Be2 Nb6 14.a5 Nd5 15.Qe1 b6
16.Nc3 Nexc3 17.bxc3 bxa5 18.h3 Bxf3 19.Bxf3 Rb8 20.e4 Nf4 21.Qe3 e5 22.dxe5 Qg5
23.h4 Qxe5 24.Qxa7 Rb5 25.c4 Rc5 26.Rfd1 Ne6 27.g3 Nd4 28.Bg2 Rxc4 29.Rxa5 c5
30.Qb7 Rc2 31.Qd5 Qf6 32.Rf1 c4 33.e5 Qb6 34.Ra8 g6 35.Rfa1 Ne2+ 36.Kh2 Qxf2
37.Qf3 Qxf3 38.Bxf3 Nf4+ 39.Kh1 Nd3 40.R1a5 c3 41.e6 fxe6 42.Rxf8+ Kxf8 43.Ra8+ Ke7
44.Rc8 Kd7 45.Rh8 Rf2 46.Rxh7+ Kd6  0-1

[Event "Breizh Masters A"]
[Site "Guingamp FRA"]
[Date "2008.02.28"]
[Round "7"]
[White "Eliet,N"]
[Black "Benitah,Y"]
[Result "1/2-1/2"]
[WhiteElo "2453"]
[BlackElo "2413"]

1.d4 d5 2.c4 c6 3.Nf3 Nf6 4.Nc3 dxc4 5.a4 Bf5 6.Ne5 e6 7.Nxc4 Bb4 8.f3 O-O
9.Bg5 h6 10.Bh4 c5 11.dxc5 Qxd1+ 12.Rxd1 Bc2 13.Rd2 Bb3 14.e4 Na6 15.c6 bxc6
16.Ne5 Nc5 17.Nxc6 Bxc3 18.bxc3 Bxa4 19.Nd4  1/2-1/2

[Event "TCh-HUN 2007-8"]
[Site "Budapest HUN"]
[Date "2008.03.02"]
[Round "7"]
[White "Zsinka,L"]
[Black "Kerek,K"]
[Result "1/2-1/2"]
[WhiteElo "2320"]
[BlackElo "2304"]

1.d4 d5 2.c4 c6 3.Nc3 Nf6 4.Nf3 dxc4 5.a4 Bf5 6.e3 e6 7.Bxc4 Bb4 8.O-O Nbd7
9.Nh4 O-O 10.Nxf5 exf5 11.Qf3 g6 12.Rd1 Nb6 13.Bb3 a5 14.Bd2 Qe7 15.g3 Rad8
16.Rac1 Rd7  1/2-1/2

[Event "58th ch-RUS w 1st liga"]
[Site "Smolensk RUS"]
[Date "2008.03.02"]
[Round "5"]
[White "Ivakhinova,I"]
[Black "Shulakova,S"]
[Result "1-0"]
[WhiteElo "2250"]
[BlackElo "2190"]

1.d4 d5 2.c4 c6 3.Nc3 Nf6 4.Nf3 dxc4 5.a4 Bf5 6.Nh4 Bg4 7.h3 Bh5 8.g4 Bg6
9.Bg2 e6 10.Nxg6 hxg6 11.e3 Na6 12.O-O Be7 13.Qe2 Qc7 14.Rd1 Nb4 15.Qxc4 a5
16.e4 Rc8 17.Bg5 Nxg4 18.Bxe7 Nxf2 19.Kxf2 Qf4+ 20.Kg1 Qe3+ 21.Kh2 Qf4+ 22.Kh1 Kxe7
23.Ne2 Qe3 24.Ra3 Qg5 25.Rg3 Qh5 26.Bf3 Qh4 27.Qc5+ Ke8 28.Qxa5 Qe7 29.Bg2 Rh5
30.Qb6 Ra8 31.Rb3 Nc2 32.Rc1 Ra6 33.Qxa6 bxa6 34.Rb8+ Kd7 35.Rb7+  1-0

[Event "TCh-FIN 2007-8"]
[Site "Finland FIN"]
[Date "2008.03.08"]
[Round "8"]
[White "Luukkonen,T"]
[Black "Topi Hulmi,T"]
[Result "1-0"]
[WhiteElo "2244"]
[BlackElo "2272"]

1.d4 d5 2.c4 c6 3.Nf3 Nf6 4.Nc3 dxc4 5.a4 Bf5 6.e3 e6 7.Bxc4 Bb4 8.O-O Nbd7
9.Qe2 Bg6 10.e4 Bxc3 11.bxc3 Nxe4 12.Ba3 Qc7 13.Rfc1 O-O-O 14.a5 Kb8 15.Qe3 Ka8
16.Ne5 Nd6 17.Nxd7 Rxd7 18.Bf1 h5 19.Bc5 Nc8 20.c4 h4 21.Qb3 Qf4 22.d5 exd5
23.cxd5 Rxd5 24.Be3 Qe5 25.a6 b6 26.Rxc6 Ne7 27.Rcc1 Rhd8 28.Bc4 R5d7 29.Re1 Bd3
30.Bxf7 Qf6 31.Be6 Rd6 32.Bg4 Be4 33.Rac1 Qg6 34.h3 Nd5 35.Qc4 Bf5 36.Bf3 Qf7
37.Bg5 Rb8 38.Re7 Qg8 39.Qc7  1-0

[Event "ch-RUS Boys u20"]
[Site "St Petersburg RUS"]
[Date "2008.03.12"]
[Round "5"]
[White "Nechepurenko,R"]
[Black "Chadaev,N"]
[Result "1/2-1/2"]
[WhiteElo "2495"]
[BlackElo "2471"]

1.d4 d5 2.c4 c6 3.Nc3 Nf6 4.Nf3 dxc4 5.a4 Bf5 6.e3 e6 7.Bxc4 Bb4 8.O-O O-O
9.Ne2 Nbd7 10.Ng3 Bg6 11.b3 Qa5 12.Bb2 Bc3 13.Bxc3 Qxc3 14.Rc1 Qb4 15.Qe1 Qxe1
16.Rfxe1 a5 17.e4 Rfd8 18.e5 Nd5 19.Bxd5 cxd5 20.Rc7 Rab8 21.h4 h6 22.Rec1 Kf8
23.Ne2 Nb6 24.R7c5 Nc8 25.Nf4 Be4 26.Rxa5 Ne7 27.Rac5 Nf5 28.g4 Ne7 29.Ne1 Nc6
30.Rd1 Ke7 31.f3 Bh7 32.g5 hxg5 33.hxg5 f6 34.gxf6+ gxf6 35.exf6+ Kxf6 36.Kf2 Bf5
37.Ke3 Rh8 38.Ned3 Rh2 39.Ne5 Rh7 40.Nfd3 Bxd3 41.Nxc6 bxc6 42.Rxd3 Rhb7
43.Rxc6 Rxb3 44.a5 Rb1 45.Ra3 R8b3+ 46.Rxb3 Rxb3+ 47.Ke2 Ra3 48.a6 Kf5 49.Rd6 Kf6
50.Rb6 Kf5 51.Rc6 e5 52.dxe5 Kxe5 53.Rh6 d4 54.Rb6 Kf4 55.Rf6+ Ke5 56.Rh6 Kf4
57.Kd2 Ke5 58.Kc2 d3+ 59.Kd2 Kd4 60.Rh4+ Ke5 61.Ke3 d2+ 62.Kxd2 Rxa6  1/2-1/2

[Event "Isbank Ataturk Women's Masters"]
[Site "Istanbul TUR"]
[Date "2008.03.14"]
[Round "4"]
[White "Zhao Xue"]
[Black "Cramling,P"]
[Result "1/2-1/2"]
[WhiteElo "2517"]
[BlackElo "2524"]

1.d4 d5 2.c4 c6 3.Nc3 Nf6 4.Nf3 dxc4 5.a4 Bf5 6.Ne5 Nbd7 7.Nxc4 Qc7 8.g3 e5
9.dxe5 Nxe5 10.Bf4 Rd8 11.Qc1 Bd6 12.Nxd6+ Qxd6 13.Bg2 Qe7 14.O-O a5 15.h3 Nfd7
16.Rd1 O-O 17.Ne4 Bxe4 18.Bxe4 Nf6 19.Qe3 Nxe4 20.Qxe4 f6 21.Kg2 Rfe8 22.Be3 Qf7
23.Rxd8 Rxd8 24.Rc1 Qb3 25.Qc2 Qxc2 26.Rxc2 Rd5 27.f4 Nd7 28.g4 g6 29.Kf3 Kf7
30.Rc1 Ke6 31.h4 h5 32.g5 f5 33.Rc3 Kd6 34.Bf2 Nf8 35.Rb3 b5 36.axb5 Rxb5
37.Rd3+ Rd5 38.Ra3 Ne6 39.Bb6 Rb5 40.Bxa5 Nd4+ 41.Kf2 Rxb2 42.Re3 c5 43.Bc3 Rc2
44.Bxd4 cxd4 45.Re8 Kd5 46.Re7 Rc6 47.Re5+ Kd6 48.Ra5 Rc2 49.Kf1 Rc5 50.Ra8 Rc6
51.Kf2  1/2-1/2

[Event "ch-RUS Boys u20"]
[Site "St Petersburg RUS"]
[Date "2008.03.14"]
[Round "7"]
[White "Nechepurenko,R"]
[Black "Popov,Iv RUS"]
[Result "1/2-1/2"]
[WhiteElo "2495"]
[BlackElo "2595"]

1.d4 d5 2.c4 c6 3.Nc3 Nf6 4.Nf3 dxc4 5.a4 Bf5 6.e3 e6 7.Bxc4 Bb4 8.O-O Nbd7
9.Ne2 O-O 10.Ng3 Bg6 11.b3 c5 12.Bb2 cxd4 13.Bxd4 Qe7 14.Nh4 Be4 15.Nxe4 Nxe4
16.Nf3 Nd6 17.Be2 e5 18.Bb2 Rac8 19.a5 Rfd8 20.Ra4  1/2-1/2

[Event "A.Lutikov Memorial"]
[Site "Tiraspol MDA"]
[Date "2008.03.14"]
[Round "1"]
[White "Dmitrenko,V"]
[Black "Melnichenko,A"]
[Result "1/2-1/2"]
[WhiteElo "2362"]
[BlackElo "2245"]

1.d4 Nf6 2.Nf3 d5 3.c4 c6 4.Nc3 dxc4 5.a4 Bf5 6.e3 e6 7.a5 Nbd7 8.Bxc4 Be7
9.O-O O-O 10.Qe2 Ne4 11.a6 b5 12.Bd3 Nxc3 13.bxc3 Bxd3 14.Qxd3 Nb6 15.e4 Qc8
16.Bg5 Bxg5 17.Nxg5 h6 18.Nf3 Nc4 19.Nd2 Nxd2 20.Qxd2 Rb8 21.f4 f5 22.exf5 Rxf5
23.Rfe1 c5 24.Qe3  1/2-1/2

[Event "Doeberl Cup"]
[Site "Canberra AUS"]
[Date "2008.03.21"]
[Round "4"]
[White "Berezina,I"]
[Black "Schon,E"]
[Result "1/2-1/2"]
[WhiteElo "2246"]
[BlackElo "2002"]

1.d4 d5 2.c4 c6 3.Nf3 Nf6 4.Nc3 dxc4 5.a4 Bf5 6.e3 e6 7.Bxc4 Bb4 8.O-O Nbd7
9.Qe2 Bg6 10.Rd1 O-O 11.Na2 Bd6 12.Nc3 Bb4 13.Bd2 Qe7 14.Bd3 Bxd3 15.Qxd3 c5
16.d5 Bxc3 17.d6 Qd8 18.Bxc3 Rc8 19.Nd2 Nd5 20.e4 Nxc3 21.Qxc3 Qf6 22.Rac1 Rfd8
23.Nc4 Qxc3 24.Rxc3 b6 25.Rb3 Rb8 26.f4 a6 27.Kf2 Rbc8 28.Rf3 f6 29.g4 Kf7
30.h4  1/2-1/2

[Event "Spring Festival"]
[Site "Budapest HUN"]
[Date "2008.03.22"]
[Round "2"]
[White "Duong The Anh"]
[Black "Zentai,P2"]
[Result "1-0"]
[WhiteElo "2381"]
[BlackElo "2177"]

1.d4 d5 2.c4 c6 3.Nf3 Nf6 4.Nc3 dxc4 5.a4 Bf5 6.Ne5 Nbd7 7.Nxc4 Qc7 8.g3 e5
9.dxe5 Nxe5 10.Bf4 Nfd7 11.Bg2 g5 12.Ne3 gxf4 13.Nxf5 O-O-O 14.Qc2 Bb4 15.O-O fxg3
16.hxg3 h5 17.Rfc1 Nf6 18.Ne3 Kb8 19.Qf5 Qe7 20.Qf4 a5 21.Nc4 Rhe8 22.Na2 Nd5
23.Qxe5+ Qxe5 24.Nxe5 Rxe5 25.e4 Nf6 26.Nxb4 axb4 27.Rc4 Rd2 28.Rxb4 Ng4
29.Rf1 Rc5 30.Rb3 Rcc2 31.Rf3 Rxb2 32.Rxf7 Ne3 33.Re1 Ng4 34.e5 Rxf2 35.Rxf2 Rxf2
36.e6 Rf8 37.Bf1 Re8 38.Bd3 Nf6 39.Kg2 Kc7 40.Bg6 Re7 41.Kf3 Rg7 42.Bf7 Kd6
43.Rb1 Rg5 44.Rxb7 Rf5+ 45.Kg2 Rg5 46.Kh3 Re5 47.Ra7 Nd5 48.Rd7+ Kc5 49.Rd8 Re4
50.a5 Nc7 51.Rh8 Nxe6 52.Rxh5+ Kb4 53.a6 Nc7 54.Rh4  1-0

[Event "15th Belisce Metalis Open"]
[Site "Bizovac CRO"]
[Date "2008.03.23"]
[Round "5"]
[White "Dusper,H"]
[Black "Faddi,L"]
[Result "1/2-1/2"]
[WhiteElo "2262"]
[BlackElo "2092"]

1.d4 d5 2.Nf3 Nf6 3.c4 c6 4.Nc3 dxc4 5.a4 Bf5 6.e3 e6 7.Bxc4 Bb4 8.O-O Nbd7
9.Qb3 Qb6 10.Nh4 Bxc3 11.Nxf5 Qxb3 12.Bxb3 Bb4 13.Ng3 c5 14.dxc5 Nxc5 15.Bc2 Ke7
16.e4 Rhd8 17.Bg5 h6 18.Bxf6+ gxf6 19.Rfd1 a5 20.Kf1 Rxd1+ 21.Rxd1 Ra6 22.Ke2 Rd6
23.Rxd6 Kxd6 24.Nh5 Ke7 25.Nf4 Kd6 26.Ke3 Be1 27.Ne2 b6 28.Nd4 Bb4 29.f4 Be1
30.Bd1 Bb4 31.Nf3 Nd7 32.h3 Bc5+ 33.Ke2 Kc6 34.Nh2 Bf8 35.Ke3 Kc5 36.Bh5 Kb4
37.Bxf7 Nc5 38.Ng4 Bg7 39.Nf2 Kxa4 40.Nd3 Nxd3 41.Kxd3 Kb3 42.Bxe6+ Kxb2
43.Kc4 Bf8 44.Kb5 Bc5 45.g4 Be3 46.e5 fxe5 47.fxe5 Bd4 48.h4 Bxe5  1/2-1/2

[Event "12th Neckar Open A"]
[Site "Deizisau GER"]
[Date "2008.03.23"]
[Round "7"]
[White "Lauber,A"]
[Black "Peralta,Fe"]
[Result "1/2-1/2"]
[WhiteElo "2417"]
[BlackElo "2551"]

1.d4 d5 2.c4 c6 3.Nf3 Nf6 4.Nc3 dxc4 5.a4 Bf5 6.Ne5 Nbd7 7.Nxc4 Nb6 8.Ne5 a5
9.f3 Nfd7 10.Nxd7 Nxd7 11.e4 Bg6 12.Be3 Qb6 13.Qd2 e5 14.dxe5 Bc5 15.Bxc5 Qxc5
16.Qd6 Qxe5 17.Qxe5+ Nxe5 18.Be2 f6 19.Kf2 Bf7 20.Rhd1 Ke7 21.Rd4 Rhd8 22.Rad1 Nd7
23.Bc4 Bxc4 24.Rxc4 Ne5 25.Rcd4 Rxd4 26.Rxd4 Ra6 27.f4 Ng6 28.Ke3 Rb6 29.Rd2 Nf8
30.g4 Ne6 31.h4 Nc5 32.g5 Rb3 33.gxf6+ gxf6 34.Rg2 Nxa4 35.Rg7+ Kf8 36.Rxh7 Nxb2
37.Kd2 Nc4+ 38.Kc2 Rb2+ 39.Kc1 Rf2 40.Rxb7 Rxf4 41.Rc7 Ne5 42.Ra7 Rxh4 43.Rxa5 Ke7
44.Kc2 Rh2+ 45.Kb3 Kd6 46.Ra8 Rh3 47.Kb4 Nd7 48.Re8 Rd3 49.Kc4 Ne5+ 50.Kb4 Rd4+
51.Kb3 Rd2 52.Rd8+ Nd7 53.Kc4 Ke7 54.Rh8 Ne5+ 55.Kb3 Rd4 56.Rh7+ Ke6 57.Rh8 Nd7
58.Rc8 Nc5+ 59.Kc2 Kd7 60.Rf8 Ke7 61.Rc8 Rd6 62.Nb5 cxb5 63.Rxc5 Rb6 64.Rh5 Ke6
65.Kb3 Rb8 66.Kb4 Rd8 67.Rxb5 Rd4+ 68.Kc3 Rxe4 69.Kd3 f5 70.Rb2 Ke5 71.Rf2 Kf6
72.Re2 Rf4 73.Ke3 Rf1 74.Rf2 Rg1 75.Kf4 Rg4+ 76.Kf3 Kg5 77.Ra2  1/2-1/2

[Event "2nd Agzamov Memorial"]
[Site "Tashkent UZB"]
[Date "2008.03.25"]
[Round "6"]
[White "Timoshenko,G"]
[Black "Amonatov,F"]
[Result "1/2-1/2"]
[WhiteElo "2560"]
[BlackElo "2649"]

1.d4 d5 2.c4 c6 3.Nf3 Nf6 4.Nc3 dxc4 5.a4 Bf5 6.Ne5 e6 7.f3 c5 8.e4 Bg6 9.Be3 cxd4
10.Qxd4 Qxd4 11.Bxd4 Nfd7 12.Nxd7 Nxd7 13.Bxc4 Rc8 14.Ba2 a6 15.h4 h6 16.Ke2 Rg8
17.Rac1 Rc6 18.Rc2 Bc5 19.Bxc5 Rxc5 20.Rhc1 Ke7 21.Nd5+ Rxd5 22.exd5  1/2-1/2

[Event "Spring Festival"]
[Site "Budapest HUN"]
[Date "2008.03.28"]
[Round "8"]
[White "Papakonstantinou,S"]
[Black "Trajber,C"]
[Result "1-0"]
[WhiteElo "2068"]
[BlackElo "2126"]

1.d4 d5 2.c4 c6 3.Nf3 Nf6 4.Nc3 dxc4 5.a4 Bf5 6.Ne5 e6 7.g3 Bb4 8.Bg2 O-O
9.O-O Nbd7 10.Nxc4 a5 11.Bf4 Nb6 12.Ne5 Qe7 13.Qb3 Nbd5 14.Bd2 Bxc3 15.bxc3 Ne4
16.Be1 f6 17.Nc4 Bg6 18.f3 Nd6 19.Bd2 Nxc4 20.Qxc4 Qd7 21.e4 Ne7 22.Rab1 Bf7
23.Rfd1 e5 24.Qc5 Qc7 25.Be3 Nc8 26.d5 Be8 27.Bh3 Bf7 28.d6 Qd8 29.d7 Na7
30.Qb6  1-0

[Event "Spring Festival"]
[Site "Budapest HUN"]
[Date "2008.03.28"]
[Round "8"]
[White "Hujbert,F"]
[Black "Koczo,K"]
[Result "1/2-1/2"]
[WhiteElo "2278"]
[BlackElo "2235"]

1.d4 d5 2.c4 c6 3.Nf3 Nf6 4.Nc3 dxc4 5.a4 Bf5 6.Ne5 e6 7.f3 Bb4 8.e4 Bxe4
9.fxe4 Nxe4 10.Bd2 Qxd4 11.Nxe4 Qxe4+ 12.Qe2 Bxd2+ 13.Kxd2 Qd5+ 14.Kc3 b5
15.Qe3 Nd7 16.Nxd7 Qxd7 17.Be2 O-O 18.Qc5 Qd5 19.Qxd5 cxd5 20.axb5 Rfb8 21.Ra5 Rb6
22.b3 cxb3 23.Rha1 Rb7 24.Kxb3 Kf8 25.Ra6 Ke7 26.Kb4 Rc7 27.Rc6 Rxc6 28.bxc6 Kd6
29.Bb5 e5 30.Ra6 f6 31.c7+ Kxc7 32.Kc5 Kb7 33.Rd6 Rc8+ 34.Bc6+ Kb8 35.Rxd5 Rc7
36.Rd8+ Rc8 37.Rd2 Rc7 38.Kd6 Kc8 39.Bb5 Rc1 40.Bc6 Rb1 41.Rd3 Rb4 42.Rh3 h6
43.Rg3 g5 44.Rh3 Rh4 45.Rxh4 gxh4 46.Ke6 Kc7 47.Be8 a5 48.Kd5 Kd8 49.Bg6 Ke7
50.Bf5 a4 51.Kc4 Kd6 52.Kb4 Kd5 53.Kxa4 e4 54.Kb3 Ke5 55.Bh7 f5 56.Kc3 f4
57.Kd2 Kd4 58.Bf5 f3 59.Bxe4 Kxe4 60.gxf3+ Kxf3  1/2-1/2

[Event "FKB ch-USA Qualifier"]
[Site "Tulsa USA"]
[Date "2008.03.29"]
[Round "5"]
[White "Friedel,J"]
[Black "Shankland,S"]
[Result "0-1"]
[WhiteElo "2487"]
[BlackElo "2279"]

1.d4 d5 2.c4 c6 3.Nf3 Nf6 4.Nc3 dxc4 5.a4 Bf5 6.Nh4 Bc8 7.e3 e6 8.Bxc4 Bb4
9.Nf3 b6 10.O-O O-O 11.Qe2 Bb7 12.Rd1 Nbd7 13.e4 Bxc3 14.bxc3 c5 15.Bd3 Qc7
16.e5 Nd5 17.Ng5 h6 18.Ne4 cxd4 19.cxd4 Nc3 20.Nxc3 Qxc3 21.Ra3 Qc6 22.Qg4 f5
23.Qg6 Rf7 24.Bxh6 Nf8 25.Qg3 Qxg2+ 26.Qxg2 Bxg2 27.Kxg2 gxh6 28.Bb1 Rd8
29.Rg3+ Kh7 30.f4 Rfd7 31.Rgd3 Ng6 32.Kf3 Ne7 33.Rc3 Kg7 34.Ba2 Rxd4 35.Rxd4 Rxd4
36.Bxe6 Rxa4 37.Kg3 h5 38.Rc7 Kf8 39.h3 Ra3+ 40.Kh4 a5 41.Rb7 a4 42.Rb8+ Kg7
43.Rb7 Kf8 44.Rxb6 Rf3 45.Rb8+ Kg7 46.Rb7 Kf8 47.Rb8+ Kg7 48.Re8 Ng6+ 49.Kg5 Nxf4
50.Re7+ Kf8 51.Kf6 Rg3 52.Bf7 Rg6+ 53.Bxg6 Nd5+ 54.Ke6 Nxe7 55.Bf7 f4  0-1

[Event "ch-TUR"]
[Site "Ankara TUR"]
[Date "2008.03.30"]
[Round "8"]
[White "Dogan,A"]
[Black "Yilmaz,M"]
[Result "0-1"]
[WhiteElo "1978"]
[BlackElo "2288"]

1.d4 d5 2.c4 c6 3.Nf3 Nf6 4.Nc3 dxc4 5.a4 Bf5 6.e3 e6 7.Bxc4 Bb4 8.O-O O-O
9.Qe2 Bg4 10.Rd1 Nbd7 11.e4 Qe7 12.e5 Nd5 13.Ne4 f5 14.Ng3 a5 15.h3 Bxf3
16.Qxf3 N7b6 17.Bb3 Kh8 18.Ne2 g5 19.Rd3 Rg8 20.Qh5 Rg6 21.Rg3 Rag8 22.Bc2 c5
23.Be3 R6g7 24.dxc5 f4 25.cxb6 fxg3 26.Nxg3 Nxe3 27.fxe3 Qc5 28.Qe2 Qxe5
29.Ne4 Qxb2 30.Rf1 Be7 31.Rb1 Qa2 32.Rb5 g4 33.h4 Bxh4 34.Rh5 Qa1+ 35.Qf1 Qxf1+
36.Kxf1 Rf8+ 37.Ke2 Bd8 38.Nc5 Re8 39.Rh6 Rge7 40.Be4 Bxb6 41.Nxb7 Rc8 42.Nd6 Rc3
43.Bd3 Rxd3 44.Kxd3 Rd7 45.Rxe6 Bc5 46.Ke4 Bxd6 47.Kf5 Bb4 48.Kxg4 Re7  0-1

[Event "TCh-HUN 2007-8"]
[Site "Budapest HUN"]
[Date "2008.03.30"]
[Round "9"]
[White "Ruck,R1"]
[Black "Kiss,Pa1"]
[Result "0-1"]
[WhiteElo "2561"]
[BlackElo "2370"]

1.d4 d5 2.Nf3 Nf6 3.c4 c6 4.Nc3 dxc4 5.a4 Bf5 6.Ne5 e6 7.f3 c5 8.e4 Bg6 9.d5 exd5
10.exd5 Bd6 11.Nxc4 O-O 12.Be2 Na6 13.O-O Nb4 14.Bg5 h6 15.Bxf6 Qxf6 16.Ne4 Bxe4
17.fxe4 Qe7 18.Bh5 Rad8 19.Qe2 Be5 20.Rae1 g6 21.Bg4 Kg7 22.Kh1 h5 23.Bh3 b6
24.Rd1 Qc7 25.g3 a6 26.Bg2 Rfe8 27.Qf3 f6 28.Bh3 Rf8 29.Qe2 Rfe8 30.Be6 b5
31.axb5 axb5 32.Na3 c4 33.Nxb5 Qc5 34.Na3 Nd3 35.Nxc4 Qxc4 36.Qxd3 Qxd3 37.Rxd3 Rxe6
38.Rb3 Re7 39.Rb6 Bd4 40.Rb4 Rxe4 41.Rd1 Rxd5 42.b3 Bb6  0-1

[Event "ch-TUR"]
[Site "Ankara TUR"]
[Date "2008.03.31"]
[Round "9"]
[White "Buker,M"]
[Black "Dogan,A"]
[Result "1/2-1/2"]
[WhiteElo "2166"]
[BlackElo "1978"]

1.d4 d5 2.c4 c6 3.Nc3 Nf6 4.Nf3 dxc4 5.a4 Bf5 6.e3 e6 7.Bxc4 Bb4 8.O-O O-O
9.Qe2 Bg4 10.h3 Bh5 11.Na2 Ba5 12.Rd1 Ne4 13.g4 Bg6 14.b4 Bc7 15.Bb2 Nd7
16.Nc1 h5 17.Nd3 Ng5 18.Nxg5 Qxg5 19.f4 Qh4 20.Qf3 hxg4 21.hxg4 Nb6 22.Bb3 Qh7
23.Nc5 Bc2 24.Rd2 Bxb3 25.Nxb3 Nd5 26.Nc5 b6 27.Ne4 Qg6 28.Rc1 f5 29.Nf2 fxg4
30.Qxg4 Qxg4+ 31.Nxg4 Nxb4 32.Ba3 Bd6 33.Bxb4 Bxb4 34.Rh2 Rac8 35.Kf2 Bd6
36.Kf3 c5 37.dxc5 Rxc5 38.Rd1 Rc6 39.Rhd2 Bc7 40.Rg1 Rd8 41.Rdg2 Kf8 42.Nf2 Rd7
43.Rg6 Rf7 44.Ne4 Bd8 45.Rd1 Bf6 46.Rdg1 Rcc7 47.Nd6 Rfd7 48.Ne4 Rf7 49.Nd6  1/2-1/2

[Event "ch-TUR"]
[Site "Ankara TUR"]
[Date "2008.04.03"]
[Round "12"]
[White "Erdogan,H"]
[Black "Yilmaz,M"]
[Result "1-0"]
[WhiteElo "2282"]
[BlackElo "2288"]

1.d4 d5 2.c4 c6 3.Nc3 Nf6 4.Nf3 dxc4 5.a4 Bf5 6.e3 e6 7.Bxc4 Bb4 8.O-O O-O
9.Qe2 Bg4 10.h3 Bh5 11.Rd1 Nbd7 12.e4 Qe7 13.g4 Bg6 14.Bg5 h6 15.Bh4 Qe8
16.e5 Nd5 17.Nxd5 cxd5 18.Bd3 a6 19.Bg3 Rc8 20.h4 Nb6 21.h5 Bxd3 22.Qxd3 Qc6
23.Rdc1 Qxc1+ 24.Rxc1 Rxc1+ 25.Kg2 Be7 26.Qb3 Bd8 27.Bf4 Rc6 28.g5 hxg5 29.Bxg5 Bxg5
30.Nxg5 f6 31.Nf3 Nc4 32.Qxb7 Rb6 33.Qe7 Rxb2 34.h6 gxh6 35.exf6 Ne3+ 36.Kh3 Nf5
37.Qxe6+ Kh8 38.Qxf5 Rb6 39.f7 Kg7 40.Ne5  1-0

[Event "GM"]
[Site "Beer Sheva ISR"]
[Date "2008.04.05"]
[Round "9"]
[White "Haimovich,T"]
[Black "Lerner,K"]
[Result "1/2-1/2"]
[WhiteElo "2447"]
[BlackElo "2513"]

1.d4 d5 2.Nf3 Nf6 3.c4 c6 4.Nc3 dxc4 5.a4 Bf5 6.e3 e6 7.Bxc4 Bb4 8.O-O Nbd7
9.Qe2 O-O 10.e4 Bg6 11.Bd3 Bh5 12.e5 Nd5 13.Nxd5 cxd5 14.Qe3 Re8 15.Ng5 Bg6
16.f4 Bxd3 17.Qxd3 f5 18.Qb5 Qe7 19.Nf3 a6 20.Qd3 Nb6 21.b3 Rac8 22.Bb2  1/2-1/2

[Event "IX Dos Hermanas Internet"]
[Site "ICC INT"]
[Date "2008.04.05"]
[Round "5.4"]
[White "Har Zvi,R"]
[Black "Sammour Hasbun,J"]
[Result "1/2-1/2"]
[WhiteElo "2512"]
[BlackElo "2463"]

1.Nf3 Nf6 2.c4 c6 3.d4 d5 4.Nc3 dxc4 5.a4 Bf5 6.Ne5 e6 7.f3 Bb4 8.e4 Bxe4
9.fxe4 Nxe4 10.Bd2 Qxd4 11.Nxe4 Qxe4+ 12.Qe2 Bxd2+ 13.Kxd2 Qd5+ 14.Kc3 O-O
15.Nxc4 b5 16.Ne5 Rd8 17.Qe3 a5 18.Be2 Nd7 19.Nxd7 Qxd7 20.Rhd1 Qe7 21.Rxd8+ Rxd8
22.axb5 Qb4+ 23.Kc2 cxb5 24.Rd1 Qa4+ 25.Kc1 Qa1+ 26.Kc2 Qa4+ 27.Kc1 Qa1+
28.Kc2 Qa4+  1/2-1/2

[Event "TCh-RUS w"]
[Site "Dagomys RUS"]
[Date "2008.04.06"]
[Round "5"]
[White "Harika,D"]
[Black "Molchanova,T"]
[Result "1/2-1/2"]
[WhiteElo "2461"]
[BlackElo "2359"]

1.Nf3 d5 2.d4 Nf6 3.c4 c6 4.Nc3 dxc4 5.a4 Bf5 6.e3 e6 7.Bxc4 Nbd7 8.Qe2 Bb4
9.O-O O-O 10.e4 Bg6 11.e5 Nd5 12.Nxd5 cxd5 13.Bd3 Bxd3 14.Qxd3 Be7 15.Bd2 Rc8
16.Qb5 Nb6 17.b3 a6 18.Qd3 Qd7 19.h4 Qc6 20.Rfc1 Qd7 21.Rd1 Qc6  1/2-1/2

[Event "82nd ch-ARG s/f"]
[Site "Buenos Aires ARG"]
[Date "2008.04.12"]
[Round "2"]
[White "Mahia,G"]
[Black "Gibson,T"]
[Result "1-0"]
[WhiteElo "2432"]
[BlackElo "2245"]

1.d4 d5 2.c4 c6 3.Nf3 Nf6 4.Nc3 dxc4 5.a4 Bf5 6.Nh4 Bc8 7.e3 e6 8.Bxc4 Bb4
9.Nf3 O-O 10.O-O c5 11.Na2 Ba5 12.dxc5 Nc6 13.Rb1 Qe7 14.b4 Bc7 15.Ba3 e5
16.b5 Rd8 17.Qc2 e4 18.bxc6 exf3 19.gxf3 bxc6 20.Rfd1 Bh3 21.Bf1 Bxh2+ 22.Kxh2 Bxf1
23.Qf5 Be2 24.Rd6 Nd5 25.Kg2 g6 26.Qh3 Bc4 27.Nc1 Rab8 28.Rxb8 Rxb8 29.Qg4 Ba6
30.e4 Nc3 31.Rxc6 Bb7 32.Qf4 Rc8 33.Rxc8+ Bxc8 34.Nd3 Nxa4 35.Ne5 Kg7 36.Ng4 g5
37.Qe3 Bxg4 38.fxg4 f6 39.c6 Qc7 40.Qc1 Nb6 41.Qc5 Qc8 42.f3 Kg6 43.Qc2 Kf7
44.e5 fxe5 45.Qxh7+ Ke6 46.c7 Qa6 47.Qe7+ Kd5 48.Qd6+ Kc4 49.Qc5+ Kd3 50.Bb2 Qa4
51.Qc3+ Ke2 52.Bc1 Qd4 53.Qc2+ Ke1 54.Bxg5 a5 55.Bh4+  1-0

[Event "Mediana"]
[Site "Nis SRB"]
[Date "2008.04.13"]
[Round "1"]
[White "Miljkovic,Mir1"]
[Black "Milchev,N"]
[Result "1-0"]
[WhiteElo "2418"]
[BlackElo "2415"]

1.d4 d5 2.c4 c6 3.Nf3 Nf6 4.Nc3 dxc4 5.a4 Bf5 6.e3 e6 7.Bxc4 Nbd7 8.O-O Bg6
9.Qe2 Bb4 10.e4 Bxc3 11.bxc3 Nxe4 12.Ba3 Qc7 13.Qe3 Nb6 14.Ne5 f6 15.Bxe6 fxe5
16.f3 Nf6 17.dxe5 Nfd5 18.Qd4 Qd8 19.Rad1 Nc7 20.Qg4 Ncd5 21.Bxd5  1-0

[Event "4th Open"]
[Site "Rhone FRA"]
[Date "2008.04.16"]
[Round "7"]
[White "Gomez Jurado,L"]
[Black "Cau,B"]
[Result "0-1"]
[WhiteElo "2293"]
[BlackElo "2159"]

1.d4 d5 2.Nf3 Nf6 3.c4 c6 4.Nc3 dxc4 5.a4 Bf5 6.Nh4 e6 7.Nxf5 exf5 8.e3 Bd6
9.Bxc4 Na6 10.Qf3 Qd7 11.Bd3 g6 12.h3 Nb4 13.Bb1 Nbd5 14.Nxd5 Nxd5 15.Bd2 Qe7
16.O-O Nf6 17.Rc1 O-O 18.g4 fxg4 19.hxg4 Rae8 20.Qg2 Ne4 21.Be1 f5 22.a5 fxg4
23.Bxe4 Qxe4 24.Qxe4 Rxe4 25.a6 bxa6 26.Rxc6 Bb8 27.Bb4 Rfe8 28.d5 Rxb4 29.d6 Rd8
30.Raxa6 Rb6 31.Raxb6 axb6 32.d7 Kf7 33.Rxb6 Bc7 34.Rb4 h5 35.Rd4 Be5 36.Rb4 Rxd7  0-1

[Event "Japfa WGM"]
[Site "Jakarta INA"]
[Date "2008.04.19"]
[Round "8"]
[White "Perena,C"]
[Black "Thandar Aye Win"]
[Result "1-0"]
[WhiteElo "2234"]
[BlackElo "2291"]

1.d4 d5 2.c4 c6 3.Nc3 Nf6 4.Nf3 dxc4 5.a4 Bf5 6.e3 e6 7.Bxc4 Bb4 8.O-O O-O
9.Qe2 Bg6 10.Ne5 Nbd7 11.Nxg6 hxg6 12.e4 Qc7 13.Bg5 Qa5 14.e5 Nd5 15.Ne4 Be7
16.Bxe7 Nxe7 17.Ng5 Nd5 18.Qf3 Qd2 19.Qg4 Qf4 20.Qxf4 Nxf4 21.g3 Nd5 22.Rac1 Rac8
23.Rc2 Rfe8 24.Rfc1 N7b6 25.a5 Nxc4 26.Rxc4 a6 27.Ne4 Rc7 28.Kf1 f6 29.Nc5 Kf7
30.Ke2 g5 31.Rh1 Rb8 32.Ra4 Rd8 33.Re1 Rh8 34.Rh1 Rd8 35.Kf3 Re7 36.Ke4 Kg6
37.Ra3 Rc8 38.Rb3 Rcc7 39.f4 f5+ 40.Kf3 g4+ 41.Ke2 Kf7 42.h3 gxh3 43.Rxh3 Kg8
44.Kf3 g6 45.Rd3 Rc8 46.Rd1 Rf8 47.Ra1 b6 48.Nb7  1-0

[Event "IX EICC"]
[Site "Plovdiv BUL"]
[Date "2008.04.21"]
[Round "1"]
[White "Pileckis,E"]
[Black "Popov,Iv RUS"]
[Result "1/2-1/2"]
[WhiteElo "2403"]
[BlackElo "2594"]

1.d4 d5 2.c4 c6 3.Nc3 Nf6 4.Nf3 dxc4 5.a4 Bf5 6.Ne5 Nbd7 7.Nxc4 Qc7 8.Qd2 Ne4
9.Nxe4 Bxe4 10.Qf4 Qxf4 11.Bxf4 f6 12.O-O-O Bd5 13.e4 Bxe4 14.Re1 Bd5 15.Nd6+ Kd8
16.Nxb7+ Ke8 17.Nd6+ Kd8 18.Nb7+ Ke8  1/2-1/2